Quizzes
Events
Quiz Creation
Community
Videos
Private Events
Remove Ads
Sign In
Join for FREE
Feedback
Dark Mode
Quiz Categories
Sports
Geography
Music
Movies
Television
Just For Fun
Miscellaneous
History
Literature
Language
Science
Gaming
Entertainment
Religion
Holiday
For Kids
Quiz Lab
Recent
Popular Today
Quiz Kudos Today
Editor Picks
Curator Picks
Quizzes by...
Day
Popularity
Type
Ratings
Length
Year
Community
Subscriptions
Recent Discussions
Orange Saloon
Badges
Playlists
Quests
Create
Leaderboards
Showdown
Live 5
Trivia Bingo
Activity
Puzzle Library
Sporcle Events
Private Events
Virtual Trivia
Globe League
Become a Host
Pub Owners
SporcleCon
Opinionation
Our Games
Videos
Blog
Mobile Apps
Partnerships
Remove Ads and Go Orange
Feedback
Literature
Harry Potter
A Song of Ice and Fire
The Hunger Games
Literary Character
Shakespeare
Book
Author
Novel
Poem
Young Adult
Children's Books
Play
Lord of the Rings
Literature
Harry Potter
A Song of Ice and Fire
The Hunger Games
Literary Character
Shakespeare
Book
Author
Novel
Poem
Young Adult
Children's Books
Play
Lord of the Rings
Random Quiz
Search Sporcle
×
Quiz Lab
Quiz Lab
Literature
Author
Type in answers that appear in a list
Type in answers that appear in a list
Classic
Best Score? Go Orange.
Plays by Characters Stats
Can you name the Identify the Play by the characters?
By
a_stoner
4m
13 Questions
14 Plays
14 Plays
14 Plays
Comments
Comments
Give Quiz Kudos
Give Quiz Kudos
-
- Ratings
hide this ad
Forced Order
Answers have to be entered in order
Answers have to be entered in order
Random Order
Randomize order of answers
Randomize order of answers
Replay
Link that replays current quiz
Next Quiz
Link to next quiz in quiz playlist
You Got
0%
They Got
Avg Score
64%
Avg Friend Score
Upgrade to see
Score Distribution
Jump to the score distribution portion of the page
Score
0/13
Timer
04:00
0
Plays Today
Characters
Play
% Correct
Mercutio, Lady Capulet, Benvolio, Rosaline
Romeo and Juliet
100%
Willy, Linda, Biff, and Happy Loman; Charley, Uncle Ben, The Woman
Death of a Salesman
92.9%
Blanche DuBois, Stanley Kowalski, Stella Kowalski
A Streetcar Named Desire
92.9%
Tom, Laura, & Amanda Wilkingson; Jim O'Connor
The Glass Menagerie
85.7%
Reverend Parris, Abigail Williams, John Proctor, Reverend Hale, Tituba
The Crucible
85.7%
Vladimir, Estragon
Waiting for Godot
85.7%
George, Martha, Honey, Nick
Who's Afraid of Virginia Woolf?
78.6%
Emily Webb, George Gibbs, Stage Manager
Our Town
71.4%
James, Mary, Jamie, and Edmund Tyrone
A Long Day's Journey Into Night
50%
Garçin, Estelle, Inez
No Exit
42.9%
The Father, The Mother, The Step-
Daughter, The Boy, The Child
Six Characters In Search of an Author
28.6%
Josephine, Pierre, Deaf-
Mute, Ragpicker, Prospector
The Madwoman of Chaillot
14.3%
George, Maggie, Henry, and Gladys Antrobus; Sabina
The Skin of Our Teeth
14.3%
Quiz Playlist
Details
Report
Send in Message
Add To Playlist
Classic:
Type in answers that appear in a list
Forced Order:
Answers have to be entered in order
Random Order:
Randomize order of answers
Last Updated: Feb 16, 2017
Quiz Scoreboard
CHALLENGE
Sign Up to Join the Scoreboard
Show All
Scores
Hide
Comments
May contain spoilers
Recently Published
TV Characters by Other Roles V
by ghcgh
Television
5m
Decade Duel: World Leaders
by jenniferyan
History
4m
Alphabetical 'K' Countries by Flag Minefield
by ylime102
Geography
3m
More to Explore
Quiz From the Vault
Featured Blog Post
15 Basketball Trivia Facts You Can Be March Mad About
hide this ad
You Might Also Like...
Tags
Author Quiz
Play Quiz
Character
Identify
Today's Top Quizzes in Literature
Browse Literature
hide this ad
Today's Top Quizzes in Author
Browse Author
Top Contributed Quizzes in Literature
1
Criteria Quiz: Harry Potter Gryffindors
2
Criteria Quiz: Harry Potter Deaths
3
Season Plays
4
Pick 3: Harry Potter Hogwarts Quidditch Players
5
Harry Potter Characters: Logic Puzzle
6
Word Ladder: King's 'The Stand'
7
Harry Potter logic puzzle: Triwizard Tournament
8
Spring Reading List
9
Hogwarts Midnight Escape
10
Sirius Black vs Dementors: Logic Puzzle
Explore More
Trending Topics
Harry Potter
Crossword
NBA
Kpop
Disney
Anime
Marvel
Country
Soccer
Puzzle
NFL
Pokémon
WWE
Song
The Office
hide this ad
More By:
a_stoner
Quiz
Plays
Rating
Category
Featured
Created
Top Olive Producing Countries
350
3.67
Geography
Apr 5, 2012
Most Visited World Heritage Sites
175
2.50
Geography
May 8, 2012
Top Oscar Winners
55
4.25
Movies
Apr 14, 2012
Russian Nouns Used Only in Plural
20
5.00
Language
Apr 28, 2013
Plays by Characters
14
3.00
Literature
Apr 27, 2012
Go to Creator's Profile
Score Distribution
Quiz Creator Spotlight
a_stoner
Follow
Send a Message
Quizzes Created
-
Created Quiz Play Count
-
More By This Creator
Popular Quizzes Today
1
Countries of Asia Without Outlines Minefield
2
Find the US States - No Outlines Minefield
3
Pick 6: Fruits
4
The Countries of the World
5
Alphabetical 'K' Countries by Flag Minefield
6
Find the Countries of Europe - No Outlines Minefield
7
US States
8
Find the US States
More Literature Quizzes
Dead or Alive? Shakespeare's Richard III
Curator's Pick
Trending Quizzes
Pick 6: Mountains
Pick 6: Harry Potter
Pick 6: Flags
Pick 6: NFL Teams
Pick 6: Movie Franchises
Recently Updated
Adaptations: Name the Title
pecheneg
NWSL Teams
pecheneg
Women's Final Four Teams by Year
bhenderson79
Presidents Quartet II
eogle
Anything But Clue(do)
eogle
Anything But Oceanian Capitals
eogle
Anything But 7
eogle
Anything But Thing
eogle
Word Ladder: February 29
pecheneg
Song Title Questions
pecheneg
Trending Topics
NBA
Kpop
Disney
Anime
Marvel
Harry Potter
Crossword
Puzzle
The Office
Song
Pokémon
Soccer
NFL
WWE
Country
Your Account Isn't Verified!
In order to create a playlist on Sporcle, you need to verify the email address you used during registration. Go to your
Sporcle Settings
to finish the process.
Report this User
Report this user for behavior that violates our
Community Guidelines
.
Details:
Send Report
Go to the Sporcle.com Mobile Site →
Comments